000 00651nam a2200241Ia 4500
003 OSt
005 20220918184527.0
006 a|||||r|||| 00| 0
007 ta
008 220917b |||||||| |||| 00| 0 eng d
024 _a46,978
037 _cTextual
040 _aARTS
_cARTS
_beng
041 _2eng
_aeng
082 _aO4p73:N5, J5
100 _aFreng H
_965971
245 0 _aIndiana University Conference on Oriental Western literary relations
260 _c1955
650 _aENGLISH LITERATURE
700 _a Anderson G L
_965972
942 _hO4p73:N5, J5
_cTEXL
_2CC
999 _c176868
_d176868